Quiz sur le 5ème arrondissement de Lyon - Statistiques

Statistiques générales
  • Ce quiz a été pris 38 fois
  • Le résultat moyen est 11 sur 17
Statistiques - réponses
Indice Réponse % Correct
Marionnette emblématique qui a inspiré une célèbre émission de télévision Guignol
91%
Ce moyen de transport a été mis en circulation pour la première fois au monde à Lyon Funiculaire
88%
Ces passages à travers les cours d'immeubles sont typiques de Lyon Traboules
88%
C'est l'arrondissement qui possède le plus d'espaces _____ de Lyon Verts
88%
Cathédrale située dans ce quartier Cathédrale Saint Jean-Baptiste
85%
Sainte qui aurait sauvé Lyon de la peste et dont une statue dorée est érigée sur le clocher de ce monument Marie
82%
Quartier médiéval et Renaissance très touristique Vieux Lyon
76%
Monument religieux qui surplombe la ville Basilique de Fourvière
70%
Sport que l'on pouvait pratiquer de 1964 à 1975 Ski
64%
Axe routier majeur traversant littéralement la colline Tunnel de Fourvière
58%
Lycée public dont le bâtiment imposant fut construit en 1855 Lycée Saint Just
55%
En opposition à celle de la Croix-Rousse, on dit que cette colline est la colline qui ____ Colline qui prie
52%
Festival annuel prenant place dans le théâtre antique Nuits de Fourvière
48%
Jardin conceptualisé et offert par la ville de Montréal offrant un panorama sur Lyon Jardin des curiosités
45%
Parc urbain qui englobe plusieurs espaces dont le jardin du Rosaire Parc des {Hauteurs}
42%
Musée de l'histoire lyonnaise et des arts de la marionnette Musée Gadagne
36%
Tour construite pour l'exposition universelle de 1889 et qui marque le point culminant de la ville Tour métallique de Fourvière
18%
Aucun quiz correspondant
Distribution des résultats
% des personnes avec chaque résultat
Percentile par nombre de réponses
Votre historique - résultats
Vous n’avez pas pris ce quiz